Statistics for Countries That Have Ever Bordered the United States

Click here to take the quiz!

General Stats

  • This quiz has been taken 105 times
    (59 since last reset)
  • The average score is 11 of 15

Answer Stats

YearsCountry% Correct
1867-Canada
100%
1821-Mexico
100%
1783-1822Spain
100%
1776-1902
1945-1955
United Kingdom
100%
1801-1803
1849-1863
1945-1955
France
98%
1900-1902Russia
88%
1836-1845Texas
80%
1777-1791Vermont
70%
1945-1955Italy
65%
1848-1863China
63%
1899-1902Germany
63%
1945-1955Soviet Union
63%
1903-1999Panama
45%
1945-1949Czechoslovakia
43%
1834-1847Republic of Maryland
8%

Score Distribution

Percentile by Number Answered

Percent of People with Each Score

Your Score History

You have not taken this quiz since the last reset